Statistics for Minecraft biomes by mobs

Click here to take the quiz!

General Stats

  • This quiz has been taken 46 times
  • The average score is 6 of 11

Answer Stats

MobsBiome% Correct
Sheep, Pig, Chicken, Cow, Horse, Donkey, Spider, Zombie, Zombie Villager, Skeleton, Creeper, Slime, Enderman, Witch, BatPlains
97%
Sheep, Pig, Chicken,Cow, Parrot, Panda, Ocelot, Spider, Zombie, Zombie Villager, Skeleton, Creeper, Slime, Enderman, Witch, BatJungle
88%
Rabbit, Spider, Skeleton, Creeper, Slime, Enderman, Witch, Zombie, Zombie Villager, Husk, BatDesert
82%
Dolphin, Squid, Drowned, CodOcean
76%
Enderman, Shulker, Ender DragonThe End
67%
Zombified Piglin, Hoglin, Piglin, StriderCrimson Forest
55%
Skeleton, Ghast, Enderman, StriderSoul Sand Valley
42%
Rabbit, Polar Bear, Spider, Zombie, Zombie Villager, Creeper, Slime, Enderman, Witch, Skeleton, Stray, BatSnowy Tundra
36%
Ghast, Magma Cube, StriderBasalt Deltas
30%
Sheep, Pig, Chicken,Cow, Llama, Spider, Zombie, Zombie Villager, Skeleton, Creeper, Slime, Enderman, Witch, BatMountains
27%
Spider, Zombie, Zombie Villager, Skeleton, Creeper, Slime, Enderman, Witch, BatBadlands
9%

Score Distribution

Percentile by Number Answered

Percent of People with Each Score

Your Score History

You have not taken this quiz